<?xml version="1.0" encoding="UTF-8"?>
<record
    xmlns:xsi="http://www.w3.org/2001/XMLSchema-instance"
    xsi:schemaLocation="http://www.loc.gov/MARC21/slim http://www.loc.gov/standards/marcxml/schema/MARC21slim.xsd"
    xmlns="http://www.loc.gov/MARC21/slim">

  <leader>01973nam0a2200325   4500</leader>
  <controlfield tag="001">RU\NLR\bibl\886236</controlfield>
  <controlfield tag="005">20250614170717.0</controlfield>
  <datafield tag="010" ind1=" " ind2=" ">
    <subfield code="a">5-89816-059-0</subfield>
    <subfield code="9">5000</subfield>
  </datafield>
  <datafield tag="021" ind1=" " ind2=" ">
    <subfield code="a">RU</subfield>
    <subfield code="b">2005-74537</subfield>
    <subfield code="9">3675</subfield>
  </datafield>
  <datafield tag="035" ind1=" " ind2=" ">
    <subfield code="a">(NLR Aleph) 000874768</subfield>
  </datafield>
  <datafield tag="090" ind1=" " ind2=" ">
    <subfield code="a">1621827</subfield>
    <subfield code="c">1621827</subfield>
  </datafield>
  <datafield tag="100" ind1=" " ind2=" ">
    <subfield code="a">20051209d2005    |||y0rusy50      ca</subfield>
  </datafield>
  <datafield tag="101" ind1="1" ind2=" ">
    <subfield code="a">rus</subfield>
    <subfield code="c">eng</subfield>
  </datafield>
  <datafield tag="102" ind1=" " ind2=" ">
    <subfield code="a">RU</subfield>
  </datafield>
  <datafield tag="105" ind1=" " ind2=" ">
    <subfield code="a">a   |||||||||</subfield>
  </datafield>
  <datafield tag="200" ind1="1" ind2=" ">
    <subfield code="a">&#x41D;&#x435;&#x439;&#x440;&#x43E;&#x43B;&#x435;&#x43F;&#x442;&#x438;&#x43A;&#x438;: &#x441;&#x43E;&#x432;&#x440;&#x435;&#x43C;&#x435;&#x43D;&#x43D;&#x44B;&#x435; &#x43F;&#x43E;&#x434;&#x445;&#x43E;&#x434;&#x44B; &#x43A; &#x43B;&#x435;&#x447;&#x435;&#x43D;&#x438;&#x44E; &#x448;&#x438;&#x437;&#x43E;&#x444;&#x440;&#x435;&#x43D;&#x438;&#x438;</subfield>
    <subfield code="e">[&#x441;&#x431;&#x43E;&#x440;&#x43D;&#x438;&#x43A;</subfield>
    <subfield code="f">&#x43F;&#x435;&#x440;. &#x441; &#x430;&#x43D;&#x433;&#x43B;. &#x41D;.&#x412;. &#x41F;&#x435;&#x440;&#x432;&#x443;&#x445;&#x43E;&#x432;&#x43E;&#x439; &#x438; &#x415;.&#x413;. &#x41B;&#x44E;&#x43B;&#x44C;&#x435;&#x432;&#x43E;&#x439;</subfield>
    <subfield code="g">&#x440;&#x435;&#x434;. &#x43F;&#x435;&#x440;. &#x414;.&#x412;. &#x421;&#x430;&#x43C;&#x43E;&#x439;&#x43B;&#x43E;&#x432;]</subfield>
  </datafield>
  <datafield tag="210" ind1=" " ind2=" ">
    <subfield code="a">&#x41C;&#x43E;&#x441;&#x43A;&#x432;&#x430;</subfield>
    <subfield code="c">&#x41F;&#x440;&#x430;&#x43A;&#x442;&#x438;&#x43A;&#x430;</subfield>
    <subfield code="d">2005</subfield>
  </datafield>
  <datafield tag="215" ind1=" " ind2=" ">
    <subfield code="a">80 &#x441;.</subfield>
    <subfield code="c">&#x438;&#x43B;.</subfield>
    <subfield code="d">21</subfield>
  </datafield>
  <datafield tag="320" ind1=" " ind2=" ">
    <subfield code="a">&#x411;&#x438;&#x431;&#x43B;&#x438;&#x43E;&#x433;&#x440;. &#x432; &#x442;&#x435;&#x43A;&#x441;&#x442;&#x435;</subfield>
  </datafield>
  <datafield tag="327" ind1="1" ind2=" ">
    <subfield code="a">&#x421;&#x43E;&#x434;&#x435;&#x440;&#x436;.: &#x41B;&#x435;&#x447;&#x435;&#x43D;&#x438;&#x435; &#x445;&#x440;&#x43E;&#x43D;&#x438;&#x447;&#x435;&#x441;&#x43A;&#x43E;&#x439; &#x448;&#x438;&#x437;&#x43E;&#x444;&#x440;&#x435;&#x43D;&#x438;&#x438; &#x443; &#x432;&#x437;&#x440;&#x43E;&#x441;&#x43B;&#x44B;&#x445; / &#x416;&#x43E;&#x437;&#x435;&#x444; &#x41F;&#x435;&#x441;&#x43A;&#x435;&#x43D;. &#x41F;&#x440;&#x438;&#x43C;&#x435;&#x43D;&#x435;&#x43D;&#x438;&#x435; &#x43D;&#x435;&#x439;&#x440;&#x43E;&#x43B;&#x435;&#x43F;&#x442;&#x438;&#x43A;&#x43E;&#x432; &#x43F;&#x440;&#x438; &#x448;&#x438;&#x437;&#x43E;&#x444;&#x440;&#x435;&#x43D;&#x438;&#x438;: &#x433;&#x43B;&#x430;&#x432;&#x430; &#x438;&#x437; "&#x41F;&#x440;&#x430;&#x43A;&#x442;&#x438;&#x447;&#x435;&#x441;&#x43A;&#x43E;&#x433;&#x43E; &#x440;&#x443;&#x43A;&#x43E;&#x432;&#x43E;&#x434;&#x441;&#x442;&#x432;&#x430; &#x43F;&#x43E; &#x43B;&#x435;&#x447;&#x435;&#x43D;&#x438;&#x44E; &#x448;&#x438;&#x437;&#x43E;&#x444;&#x440;&#x435;&#x43D;&#x438;&#x438;" &#x410;&#x43C;&#x435;&#x440;&#x438;&#x43A;&#x430;&#x43D;&#x441;&#x43A;&#x43E;&#x439; &#x43F;&#x441;&#x438;&#x445;&#x438;&#x430;&#x442;&#x440;&#x438;&#x447;&#x435;&#x441;&#x43A;&#x43E;&#x439; &#x430;&#x441;&#x441;&#x43E;&#x446;&#x438;&#x430;&#x446;&#x438;&#x438;</subfield>
  </datafield>
  <datafield tag="464" ind1=" " ind2="0">
    <subfield code="1">2001#$a&#x41B;&#x435;&#x447;&#x435;&#x43D;&#x438;&#x435; &#x445;&#x440;&#x43E;&#x43D;&#x438;&#x447;&#x435;&#x441;&#x43A;&#x43E;&#x439; &#x448;&#x438;&#x437;&#x43E;&#x444;&#x440;&#x435;&#x43D;&#x438;&#x438; &#x443; &#x432;&#x437;&#x440;&#x43E;&#x441;&#x43B;&#x44B;&#x445;</subfield>
    <subfield code="1">700#1$a&#x41F;&#x435;&#x441;&#x43A;&#x435;&#x43D;$b&#x416;.$g&#x416;&#x43E;&#x437;&#x435;&#x444;$4070</subfield>
    <subfield code="t">&#x41B;&#x435;&#x447;&#x435;&#x43D;&#x438;&#x435; &#x445;&#x440;&#x43E;&#x43D;&#x438;&#x447;&#x435;&#x441;&#x43A;&#x43E;&#x439; &#x448;&#x438;&#x437;&#x43E;&#x444;&#x440;&#x435;&#x43D;&#x438;&#x438; &#x443; &#x432;&#x437;&#x440;&#x43E;&#x441;&#x43B;&#x44B;&#x445;</subfield>
    <subfield code="a">&#x41F;&#x435;&#x441;&#x43A;&#x435;&#x43D;, &#x416;&#x43E;&#x437;&#x435;&#x444;</subfield>
  </datafield>
  <datafield tag="464" ind1=" " ind2="0">
    <subfield code="1">2001#$a&#x41F;&#x440;&#x430;&#x43A;&#x442;&#x438;&#x447;&#x435;&#x441;&#x43A;&#x43E;&#x435; &#x440;&#x443;&#x43A;&#x43E;&#x432;&#x43E;&#x434;&#x441;&#x442;&#x432;&#x43E; &#x43F;&#x43E; &#x43B;&#x435;&#x447;&#x435;&#x43D;&#x438;&#x44E; &#x448;&#x438;&#x437;&#x43E;&#x444;&#x440;&#x435;&#x43D;&#x438;&#x438;</subfield>
    <subfield code="t">&#x41F;&#x440;&#x430;&#x43A;&#x442;&#x438;&#x447;&#x435;&#x441;&#x43A;&#x43E;&#x435; &#x440;&#x443;&#x43A;&#x43E;&#x432;&#x43E;&#x434;&#x441;&#x442;&#x432;&#x43E; &#x43F;&#x43E; &#x43B;&#x435;&#x447;&#x435;&#x43D;&#x438;&#x44E; &#x448;&#x438;&#x437;&#x43E;&#x444;&#x440;&#x435;&#x43D;&#x438;&#x438;</subfield>
  </datafield>
  <datafield tag="606" ind1="1" ind2=" ">
    <subfield code="a">&#x428;&#x438;&#x437;&#x43E;&#x444;&#x440;&#x435;&#x43D;&#x438;&#x44F;</subfield>
    <subfield code="x">&#x422;&#x435;&#x440;&#x430;&#x43F;&#x438;&#x44F; &#x43D;&#x435;&#x439;&#x440;&#x43E;&#x43B;&#x435;&#x43F;&#x442;&#x438;&#x447;&#x435;&#x441;&#x43A;&#x438;&#x43C;&#x438; &#x441;&#x440;&#x435;&#x434;&#x441;&#x442;&#x432;&#x430;&#x43C;&#x438;</subfield>
    <subfield code="9">2409100</subfield>
    <subfield code="3">RU\NLR\auth\661435519</subfield>
  </datafield>
  <datafield tag="686" ind1=" " ind2=" ">
    <subfield code="a">&#x420;645.90-52</subfield>
  </datafield>
  <datafield tag="702" ind1=" " ind2="1">
    <subfield code="a">&#x421;&#x430;&#x43C;&#x43E;&#x439;&#x43B;&#x43E;&#x432;</subfield>
    <subfield code="b">&#x414;. &#x412;.</subfield>
    <subfield code="4">340</subfield>
  </datafield>
  <datafield tag="801" ind1=" " ind2="0">
    <subfield code="a">RU</subfield>
    <subfield code="b">NLR</subfield>
    <subfield code="c">20051209</subfield>
    <subfield code="g">rcr</subfield>
  </datafield>
  <datafield tag="801" ind1=" " ind2="1">
    <subfield code="a">RU</subfield>
    <subfield code="b">NLR</subfield>
    <subfield code="c">20051209</subfield>
  </datafield>
  <datafield tag="942" ind1=" " ind2=" ">
    <subfield code="c">BOOK</subfield>
  </datafield>
  <datafield tag="980" ind1=" " ind2=" ">
    <subfield code="a">NB</subfield>
  </datafield>
  <datafield tag="995" ind1=" " ind2=" ">
    <subfield code="5">2005-12-09</subfield>
    <subfield code="a">ad</subfield>
    <subfield code="b">NLR01</subfield>
    <subfield code="c">NLR01</subfield>
    <subfield code="e">RF3</subfield>
    <subfield code="f">2074353</subfield>
    <subfield code="k">2005-4/49175</subfield>
    <subfield code="o">0</subfield>
    <subfield code="r">BOOK</subfield>
    <subfield code="s">2005449175_</subfield>
  </datafield>
  <datafield tag="995" ind1=" " ind2=" ">
    <subfield code="5">2005-12-09</subfield>
    <subfield code="a">ad</subfield>
    <subfield code="b">NLR01</subfield>
    <subfield code="c">NLR01</subfield>
    <subfield code="e">RF3</subfield>
    <subfield code="f">2074354</subfield>
    <subfield code="k">2005-4/49175</subfield>
    <subfield code="o">0</subfield>
    <subfield code="r">BOOK</subfield>
    <subfield code="s">2005449175_</subfield>
  </datafield>
</record>
